000 00345 a2200133 4500
040 _aDLC
_bDLC
082 _a891.4391
100 _aItibar Sajid
245 _aYeh sham tumharay naam
_cItibar Sajid
260 _aLahore :
_bIlm-o-Irfan Publications,
_c2004.
300 _a159 P. ;
_c 24 cm.
650 _a Urdu Poetry
942 _cBK
_k891.4391 ITI
_2ddc
999 _c5230
_d5230